Introducción a las celdas voltaicas /

Gorde:
Xehetasun bibliografikoak
Egile nagusia: Heller, Arthur (prod.)
Beste egile batzuk: Forst, Deborah (dirección) (dirección)
Formatua: Diapositiba
Hizkuntza:gaztelania
Argitaratua: Canadá : Alberta Education, 1996, c1996
México : Películas EBESA [distribución], fecha no identificada
Saila:(Conexión con la Química ; Cambios Electroquímicos) 24.
Gaiak:
Etiketak: Etiketa erantsi
Etiketarik gabe, Izan zaitez lehena erregistro honi etiketa jartzen!

MARC

LEADER 00000ngm^a2200000^a^4500
001 000154958
005 20250521000000.0
009 20260310100411.884
037 |a Acervo ITESO - Biblioteca 
041 |a ESP 
082 |a 540.  |b CON V. 24 
100 |a Heller, Arthur  |e (prod.) 
240 1 1 |a [Conexión con la química] 
240 1 1 |a [Conexión con la química: cambios electroquímicos] 
245 1 0 |a Introducción a las celdas voltaicas /  |c Prod. de A. Heller ; dir. de D. Forst. 
246 2 |a Título de serie en la pantalla: Conexión química 
264 4 |a Canadá :  |b Alberta Education,  |c 1996, c1996 
264 4 |a México :  |b Películas EBESA [distribución],  |c fecha no identificada 
300 |a 1 videocasete VHS  |c (29 min.) 
336 |a imagen móvil bidimensional  |b tdi  |2 rdacontenido 
337 |a video  |b v  |2 rdamedio 
338 |a videocasete  |b vf  |2 rdasoporte 
440 1 |a (Conexión con la Química ;  |v 24.  |p Cambios Electroquímicos) 
500 |a Traducción de: Introduction to Voltaic Cells 
500 |a Traducción de: Chemistry Connections. Electrochemical Changes 
546 |a Doblaje al español 
649 |a XX 
650 |a Celdas Galvánicas 
650 |a Baterías Eléctricas 
650 |a Electricidad -  |x Equipo y Aparatos 
650 |a Corrosión y Anticorrosivos 
650 |a Reacción de Oxidación-Reducción 
650 |a Electroquímica 
650 |a Química 
700 |a Forst, Deborah  |e (dirección) 
910 |a Fondo General 
920 |a Audiovisuales - Videocasetes 
905 |a 301 
901 |a 0500072755  |b IT2  |c VIS  |u 20250521 
902 |a https://opac.biblio.iteso.mx/vufind/Record/000154958